000
00321nam a2200121Ia 4500
008
210430s9999 xx 000 0 und d
082
_a
621.31042 S4641E
100
_a
Selmon,Gordon R
_9
54971
245
_a
Electric Machines And Drives
_c
Selmon,Gordon R
260
_a
Addison Wesley
300
_a
556p.
942
_c
BK
_2
ddc
999
_c
565899
_d
565899